000 00342nam a22001577a 4500
003 CEME
005 20210628201950.0
008 210415b xxu||||| |||| 00| 0 eng d
040 _c.
082 _a539.7 HOG'A
100 _aHogerton, J.F
_957355
245 _aAtomic fuel
260 _aUSA
_bAEC
_c1964
300 _a40P
942 _cBK
_2ddc
999 _c567902
_d567902